TV Male Characters A-Z Quiz Stats

 Plays Quiz Updated May 28, 2016

Challenge
Share
Tweet
Score 0/24 Timer 06:00
1 Play Today
% Correct
Joey Tribbiani (Friends)
94.9%
Malcolm (Malcolm in the Middle)
90.1%
Tim Taylor (Home Improvement)
87.9%
George Costanza (Seinfeld)
87.3%
Al Bundy (Married... With Children)
86.7%
Barney Stinson (How I Met Your Mother)
85.4%
Walter White (Breaking Bad)
83%
Carlton Banks (The Fresh Prince of Bel-Air)
82.6%
Zack Morris (Saved by the Bell)
82.3%
Leonard Hofstadter (The Big Bang Theory)
80.7%
Sam Malone (Cheers)
79.4%
Dwight Schrute (The Office (US))
75.8%
% Correct
Ricky Ricardo (I Love Lucy)
69.9%
Frank Reynolds (It's Always Sunny in Philadelphia)
69.4%
Eric Forman (That '70s Show)
67.4%
Phil Dunphy (Modern Family)
66.3%
Nick Miller (New Girl)
52%
Q (Star Trek: The Next Generation)
50.1%
Hugo 'Hurley' Reyes (Lost)
47.5%
Omar Little (The Wire)
43.5%
Xander Harris (Buffy the Vampire Slayer)
42.4%
Kurt Hummel (Glee)
37.3%
Victor Frankenstein (Penny Dreadful)
30.5%
Isaac Mendez (Heroes)
19.9%

You're not logged in!

Compare scores with friends on all Sporcle quizzes.
Join for Free
OR
Log In

You Might Also Like...

Show Comments

Extras

Top Quizzes Today


Score Distribution

Your Account Isn't Verified!

In order to create a playlist on Sporcle, you need to verify the email address you used during registration. Go to your Sporcle Settings to finish the process.

Report this User

Report this user for behavior that violates our Community Guidelines.

Details: